The preliminary results of the systematic research of the fossil decapods in Slovakia

Podrobná bibliografia
Hlavný autor: Hyžný, Matúš, 1985- (Autor)
Médium: Článok
Jazyk:slovenčina
angličtina
ISSN:0369-2086
Predmet:

MARC

LEADER 00000nab a2200000 a 4500
001 vtls010259872
003 SK-MaSNL
005 20260304154947.0
008 25050709c2009 xo o |||||||||||||||slon
015 |a SNBRB2010/03 
035 |a SVKKK000099821 
035 |a (urnnbn)urn:nbn:sk:snk:ar-005kij 
035 |a (uuid)d1577088-695b-43c2-860e-d1e0092b5fc0 
035 |a urn:nbn:sk:snk-ab80n5 
038 |a SVKKK 
040 |a SNKBUCL  |b slo  |c SNKBUCL  |e AACR2 
041 0 |a eng 
044 |a xo  |c SK 
080 |a 565.38  |x (234.372.3)  |2 1997 
100 1 |a Hyžný, Matúš,  |d 1985-  |4 aut  |9 28487 
245 1 4 |a The preliminary results of the systematic research of the fossil decapods in Slovakia  |c M. Hyžný 
650 0 7 |a fosílne desaťnožce  |2 SNKPH  |9 252190 
650 0 7 |a paleobiogeografia  |2 SNKPH  |9 53492 
773 0 |t Mineralia slovaca  |g Roč. 41, č. 3 (2009)  |g Č. 3 (2009), s. 357  |x 0369-2086 
773 0 |t Geovestník  |g Roč. 41, č. 3 (2009)  |g Č. 3 (2009), s. 357  |x 0369-2086 
850 |a Slovenská národná knižnica 
852 |a Slovenská národná knižnica 
958 |a article9 
958 |a OND 
958 |a SK 
958 |a EUIPO 
999 |c 2960093  |d 2962023